[Event "C.to Europeo U10 femminile"]
[Site "Batumi GEO"]
[Date "2010.09.23"]
[Round "5"]
[White "Jalaghonia, Nino"]
[Black "Scarpa, Silvia"]
[Result "1/2-1/2"]
[WhiteElo "1528"]
[BlackElo "1581"]
[PlyCount "58"]
[EventDate "2010.09.20"]

1. e4 c5 2. Nf3 Nc6 3. d4 cxd4 4. Nxd4 Nf6 5. Nc3 d6 6. f3 e5 7. Nb3 Be6 8. Be3
Be7 9. Qd2 a5 10. Bb5 O-O 11. O-O-O Nb4 12. Kb1 d5 13. exd5 Nfxd5 14. Bc5 Qc7
15. Nxd5 Nxd5 16. Bxe7 Nxe7 17. a4 Rfd8 18. Qe2 Rxd1+ 19. Rxd1 Rc8 20. g4 Nc6
21. c4 Na7 22. Rc1 b6 23. Qe3 Qb8 24. Ba6 Re8 25. Qe4 Bd7 26. Bb5 Nxb5 27. cxb5
g6 28. Ka1 Be6 29. Qe3 Qd6 1/2-1/2

[Event "C.to Europeo U10 femminile"]
[Site "Batumi GEO"]
[Date "2010.09.28"]
[Round "9"]
[White "Khorotyan, Milena"]
[Black "Scarpa, Silvia"]
[WhiteElo "1404"]
[BlackElo "1581"]
[Result "0-1"]
[PlyCount "100"]
[EventDate "2010.09.20"]

1. e4 c5 2. Nf3 Nc6 3. Bb5 d6 4. Bxc6+ bxc6 5. e5 d5 6. d3 g6 7. O-O Bg7 8. b3
Bg4 9. Re1 Qc7 10. Bf4 Rd8 11. h3 Bc8 12. Bg3 e6 13. Nc3 Ne7 14. Qe2 O-O 15.
Na4 Qa5 16. Qd2 Qb5 17. Qc3 c4 18. dxc4 dxc4 19. Qxc4 Qa5 20. Bh4 f6 21. exf6
Bxf6 22. Rxe6 Qd5 23. Qxd5 Nxd5 24. Bxf6 Bxe6 25. Bxd8 Rxd8 26. Rd1 Re8 27. Nd4
Bf7 28. Nxc6 Re2 29. Nd4 Re5 30. c4 Nf4 31. Kf1 g5 32. Nf3 Rf5 33. Nd4 Rf6 34.
f3 Rd6 35. Nc3 Bg6 36. Ncb5 Rd8 37. c5 Bd3+ 38. Ke1 Bxb5 39. Nxb5 Nxg2+ 40. Ke2
Nf4+ 41. Ke1 Ng2+ 42. Kf2 Rxd1 43. Kxg2 Rd2+ 44. Kg3 Rxa2 45. c6 Ra6 46. Nd4
Ra1 47. Kg4 h6 48. Kf5 Kf7 49. Nb5 Ra5 50. Ke4 Rxb5 0-1

[Event "C.to Europeo U12"]
[Site "Batumi GEO"]
[Date "2010.09.21"]
[Round "2"]
[White "Minko, Vladimir"]
[Black "Cafaro, Luca"]
[Result "1-0"]
[WhiteElo "2038"]
[BlackElo "1794"]
[PlyCount "117"]
[EventDate "2010.09.20"]

1. d4 e6 2. c4 f5 3. Nc3 Nf6 4. Nf3 Be7 5. g3 d5 6. Bg2 O-O 7. O-O c6 8. Bf4
Qe8 9. Qb3 Ne4 10. Ne5 Nd7 11. Nxd7 Qxd7 12. Nxe4 fxe4 13. cxd5 cxd5 14. Rac1
Bd6 15. Bxd6 Qxd6 16. f3 exf3 17. exf3 b6 18. Rfe1 Ba6 19. Qe3 Rfe8 20. f4 Rac8
21. Bh3 Rxc1 22. Rxc1 Bb7 23. a3 Re7 24. Rc2 Re8 25. Re2 Bc8 26. Qf2 Bd7 27.
Re5 Qc6 28. Kg2 Qc4 29. Bg4 Qc6 30. h4 Qc4 31. h5 Qc6 32. Re2 Qc7 33. Re5 Qc6
34. Kh2 Qc4 35. Bf3 Rc8 36. Re2 Qa4 37. h6 g6 38. Qe3 Rf8 39. Qe5 Rf7 40. Bg4
Qc6 41. Bxe6 Qxe6 42. Qxe6 Bxe6 43. Rxe6 Rd7 44. Rf6 Rd8 45. Kh3 Rd7 46. Kh4
Rd8 47. g4 Rd7 48. Kg5 Rd8 49. f5 gxf5 50. gxf5 Rd7 51. Kf4 Re7 52. Re6 Rd7 53.
Ke5 Rf7 54. Rc6 Re7+ 55. Kxd5 Rd7+ 56. Ke5 Re7+ 57. Re6 Rc7 58. Kd6 Rc1 59. Re7
1-0

[Event "C.to Europeo U12"]
[Site "Batumi GEO"]
[Date "2010.09.23"]
[Round "4"]
[White "Tutisani, Noe"]
[Black "Cafaro, Luca"]
[Result "1-0"]
[WhiteElo "1991"]
[BlackElo "1794"]
[PlyCount "81"]
[EventDate "2010.09.20"]

1. d4 e6 2. e4 d5 3. Nd2 Nf6 4. e5 Nfd7 5. Bd3 c5 6. c3 Nc6 7. Ne2 Be7 8. O-O
O-O 9. f4 Qb6 10. Nf3 cxd4 11. cxd4 f6 12. Kh1 fxe5 13. fxe5 Ndb8 14. a3 Bd7
15. b4 a6 16. Bb2 Na7 17. Qc2 h6 18. Qd2 Be8 19. Nf4 Nd7 20. Ng6 Bxg6 21. Bxg6
Rac8 22. Rad1 Nb5 23. Bb1 Rf7 24. Qd3 Nf8 25. Nd2 Rxf1+ 26. Rxf1 Bg5 27. Nb3
Be7 28. Qf3 Qd8 29. Nc5 Bxc5 30. bxc5 Qe7 31. a4 Na7 32. Bc1 Nc6 33. Qg4 Kh8
34. Bd2 Qe8 35. Bd3 Qe7 36. Rf3 Nd8 37. Qh5 Nc6 38. Rf7 Qe8 39. Bxh6 Nh7 40.
Bxg7+ Kg8 41. Bxh7# 1-0

[Event "C.to Europeo U12"]
[Site "Batumi GEO"]
[Date "2010.09.26"]
[Round "7"]
[White "Cafaro, Luca"]
[Black "Kourkoulos-Arditis, Stamatis"]
[Result "1-0"]
[WhiteElo "1794"]
[BlackElo "1945"]
[PlyCount "55"]
[EventDate "2010.09.20"]

1. e4 c5 2. Nf3 e6 3. d4 cxd4 4. Nxd4 Nf6 5. Nc3 d6 6. Be3 Be7 7. f3 O-O 8. Qd2
Nc6 9. O-O-O d5 10. exd5 Nxd5 11. Nxd5 Qxd5 12. Nb3 Nb4 13. Qxd5 Nxd5 14. Bc5
Bg5+ 15. Kb1 Rd8 16. Bc4 b6 17. Bxd5 exd5 18. Bf2 Ba6 19. Rhe1 Rac8 20. Re5 Bf4
21. Rexd5 Rxd5 22. Rxd5 Bxh2 23. g3 Re8 24. Rd1 Be2 25. Rh1 Bxf3 26. Rxh2 Re2
27. Nc1 Be4 28. Nxe2 1-0

[Event "C.to Europeo U12"]
[Site "Batumi GEO"]
[Date "2010.09.27"]
[Round "8"]
[White "Kozionov, Kirill"]
[Black "Cafaro, Luca"]
[Result "1-0"]
[WhiteElo "2093"]
[BlackElo "1794"]
[PlyCount "59"]
[EventDate "2010.09.20"]

1. e4 e5 2. Nf3 Nc6 3. Bc4 Nf6 4. d3 Bc5 5. c3 d6 6. O-O O-O 7. h3 Be6 8. Bxe6
fxe6 9. Qb3 Qd7 10. Qxb7 Rab8 11. Qa6 Nh5 12. b4 Bb6 13. Be3 Nf4 14. Bxf4 Rxf4
15. a4 Qe7 16. Nbd2 Rbf8 17. a5 Rxf3 18. Nxf3 Rxf3 19. axb6 cxb6 20. Qc8+ Nd8
21. Rxa7 Qxa7 22. gxf3 Qe7 23. Ra1 Qg5+ 24. Kf1 h6 25. Ke2 Kh7 26. Qc7 Qf6 27.
Ra8 Nf7 28. Rf8 Kg6 29. Qxb6 Qe7 30. Qb8 1-0

[Event "C.to Europeo U12"]
[Site "Batumi GEO"]
[Date "2010.09.28"]
[Round "9"]
[White "Cafaro, Luca"]
[Black "Sheremet, Anton"]
[Result "0-1"]
[WhiteElo "1794"]
[BlackElo "1940"]
[PlyCount "180"]
[EventDate "2010.09.20"]

1. e4 c5 2. Nf3 Nc6 3. d4 cxd4 4. Nxd4 g6 5. Nc3 Bg7 6. Be3 Nf6 7. Bc4 Qa5 8.
O-O O-O 9. Bb3 d6 10. h3 Bd7 11. f4 Nxd4 12. Bxd4 Bc6 13. Qd3 Nd7 14. Bxg7 Kxg7
15. f5 Qe5 16. Bd5 Nc5 17. Qc4 b5 18. Qe2 Bxd5 19. exd5 Qxe2 20. Nxe2 Na4 21.
Nd4 Nb6 22. Rae1 Nxd5 23. Nxb5 Rfe8 24. c4 a6 25. f6+ Kg8 26. cxd5 axb5 27.
fxe7 Rxa2 28. Rf6 Ra6 29. Rf3 Ra7 30. Rf6 Rd7 31. g4 h6 32. h4 Rdxe7 33. Rxe7
Rxe7 34. Rxd6 Re2 35. Rb6 Rxb2 36. d6 Kg7 37. d7 Rd2 38. Rxb5 Rxd7 39. Kf2 Rd3
40. Ra5 Rh3 41. h5 gxh5 42. gxh5 Rh4 43. Kg3 Re4 44. Kf3 Rd4 45. Rb5 Rd6 46.
Kg4 Rd1 47. Kf4 Re1 48. Ra5 Kf6 49. Rb5 Rf1+ 50. Kg4 Rg1+ 51. Kh4 Re1 52. Kg4
Re4+ 53. Kf3 Re5 54. Rb6+ Kg5 55. Rb7 Rf5+ 56. Kg3 Kxh5 57. Rb4 Kg6 58. Ra4 Rb5
59. Kh4 Re5 60. Ra6+ f6 61. Ra8 Re4+ 62. Kg3 Kf5 63. Rh8 Kg6 64. Rg8+ Kh7 65.
Rf8 Kg7 66. Ra8 h5 67. Ra1 Kg6 68. Kh3 Kg5 69. Ra8 Re3+ 70. Kg2 f5 71. Rg8+ Kf4
72. Rh8 Re2+ 73. Kg1 Kg3 74. Rg8+ Kf3 75. Rg5 f4 76. Rxh5 Re1+ 77. Kh2 Kf2 78.
Ra5 Re2 79. Ra1 f3 80. Kh3 Rd2 81. Ra8 Rd1 82. Ra2+ Ke3 83. Ra3+ Rd3 84. Ra8
Kf2 85. Ra2+ Ke1 86. Ra1+ Rd1 87. Ra8 f2 88. Re8+ Kd2 89. Rd8+ Kc2 90. Rc8+ Kb3
0-1

[Event "C.to Europeo U12 femminile"]
[Site "Batumi GEO"]
[Date "2010.09.20"]
[Round "1"]
[White "Gueci, Tea"]
[Black "Dakhundaridze, Nino"]
[Result "1-0"]
[WhiteElo "1789"]
[BlackElo "1485"]
[PlyCount "97"]
[EventDate "2010.09.20"]

1. e4 c5 2. Nf3 d6 3. d4 cxd4 4. Nxd4 Nf6 5. Nc3 g6 6. h3 Bg7 7. Bc4 O-O 8. O-O
Nc6 9. Re1 Qc7 10. Nxc6 bxc6 11. Bg5 Qa5 12. Qd2 Rd8 13. Rad1 Ba6 14. Bxa6 Qxa6
15. e5 Ne8 16. Bxe7 Rd7 17. exd6 Bf6 18. Qe2 Qb7 19. Bxf6 Nxf6 20. Qf3 Kg7 21.
Ne4 Nxe4 22. Rxe4 Rad8 23. Qc3+ Kg8 24. Rde1 Qa8 25. Re7 Rxd6 26. Qb3 Rf6 27.
Rb7 Kg7 28. Ree7 Rd1+ 29. Kh2 Qf8 30. Qc3 Rdd6 31. Rxa7 Kg8 32. Qe3 Rde6 33.
Rxe6 Rxe6 34. Qa3 Qb8+ 35. g3 Kg7 36. Qc3+ Rf6 37. Ra4 g5 38. Rg4 Kg6 39. Qd3+
Kh6 40. Qe3 Rf5 41. h4 f6 42. hxg5+ Kg6 43. gxf6+ Kxf6 44. Qh6+ Ke5 45. Kh3 Qa7
46. f4+ Ke4 47. Qe6+ Kf3 48. Qxc6+ Ke2 49. Qg2+ 1-0

[Event "C.to Europeo U12 femminile"]
[Site "Batumi GEO"]
[Date "2010.09.23"]
[Round "5"]
[White "Dvornitskaja, Elena"]
[Black "Gueci, Tea"]
[Result "1/2-1/2"]
[WhiteElo "1612"]
[BlackElo "1789"]
[PlyCount "107"]
[EventDate "2010.09.20"]

1. e4 c5 2. Nf3 d6 3. Nc3 Nf6 4. e5 dxe5 5. Nxe5 Nbd7 6. d4 Nxe5 7. dxe5 Qxd1+
8. Kxd1 Ng4 9. Ke1 Bf5 10. Bf4 a6 11. f3 Nh6 12. Nd5 Rc8 13. e6 fxe6 14. Nc7+
Kf7 15. Bc4 b5 16. Bf1 g5 17. Be5 Bg7 18. Bxg7 Kxg7 19. Nxa6 c4 20. Nb4 Nf7 21.
Kf2 Rhd8 22. Be2 Nd6 23. c3 Nb7 24. Rad1 Nc5 25. Rhe1 Na4 26. Bf1 Nxb2 27. Rxd8
Rxd8 28. g4 Bg6 29. Rxe6 Nd1+ 30. Kg3 Nxc3 31. Rxe7+ Kf6 32. Rc7 Rd1 33. Bg2
Ne2+ 34. Kf2 Nf4 35. Bf1 Rd2+ 36. Kg3 h5 37. h4 Ne2+ 38. Bxe2 Rxe2 39. Rc6+ Kg7
40. Rc5 gxh4+ 41. Kxh4 hxg4 42. fxg4 Rb2 43. Rxb5 c3 44. a3 Rb3 45. g5 Rxa3 46.
Rb7+ Bf7 47. Rc7 Rb3 48. Nd3 c2 49. Ne5 Rb5 50. Nxf7 Rb7 51. Rxb7 c1=Q 52. Nh6+
Kh8 53. Rf7 Qxg5+ 54. Kxg5 1/2-1/2

[Event "C.to Europeo U12 femminile"]
[Site "Batumi GEO"]
[Date "2010.09.24"]
[Round "6"]
[White "Ulusoy, Nisan"]
[Black "Gueci, Tea"]
[Result "1-0"]
[WhiteElo "1555"]
[BlackElo "1789"]
[PlyCount "69"]
[EventDate "2010.09.20"]

1. e4 c5 2. Nf3 d6 3. d4 cxd4 4. Nxd4 Nf6 5. Nc3 a6 6. Bg5 e6 7. f4 Be7 8. Qf3
Qc7 9. O-O-O b5 10. g4 Bb7 11. Bxf6 Bxf6 12. Bxb5+ Nd7 13. Bxd7+ Qxd7 14. g5
Be7 15. Qe3 Rc8 16. Rhf1 Kd8 17. f5 Kc7 18. h4 Kb8 19. Kb1 Bd8 20. Nb3 Qc6 21.
Qd4 exf5 22. Rxf5 f6 23. Qxd6+ Qxd6 24. Rxd6 g6 25. Rf2 fxg5 26. hxg5 Bxg5 27.
Na5 Bh4 28. Rf7 Rc7 29. Rdd7 Bg3 30. Nxb7 Kxb7 31. Rxc7+ Bxc7 32. Nd5 Rc8 33.
Rxh7 Kc6 34. Ne7+ Kd7 35. Nxc8+ 1-0

[Event "C.to Europeo U12 femminile"]
[Site "Batumi GEO"]
[Date "2010.09.27"]
[Round "8"]
[White "Gueci, Tea"]
[Black "Javakhishvili, Mariam"]
[Result "0-1"]
[WhiteElo "1789"]
[BlackElo "1550"]
[PlyCount "42"]
[EventDate "2010.09.20"]

1. e4 e5 2. Nf3 Nc6 3. d4 exd4 4. Nxd4 Qh4 5. Be2 Qxe4 6. Nb5 Bb4+ 7. N1c3
Bxc3+ 8. bxc3 Kd8 9. O-O a6 10. Nd4 Nxd4 11. cxd4 Nf6 12. Bf3 Qg6 13. Bf4 d6
14. Rb1 Rb8 15. Qd2 Ne4 16. Qb4 Ng5 17. Bg3 Nxf3+ 18. gxf3 h5 19. Kh1 h4 20.
Bxd6 Qxd6 21. Qd2 Qd5 0-1

[Event "C.to Europeo U14"]
[Site "Batumi GEO"]
[Date "2010.09.20"]
[Round "1"]
[White "Zinnai, Graziano Matteo"]
[Black "Mikaelyan, Arman"]
[Result "0-1"]
[WhiteElo "1787"]
[BlackElo "2125"]
[PlyCount "76"]
[EventDate "2010.09.20"]

1. e4 e5 2. Nf3 Nc6 3. d3 d6 4. c3 g6 5. Be2 Bg7 6. b4 a6 7. O-O Nge7 8. Bb2
O-O 9. a3 d5 10. Nbd2 h6 11. Re1 f5 12. exd5 Nxd5 13. c4 Nf4 14. b5 Nxe2+ 15.
Qxe2 Nd4 16. Bxd4 exd4 17. Nb3 axb5 18. cxb5 Qd5 19. Reb1 Qxb5 20. Qc2 Qd7 21.
Nc5 Qd5 22. Rb4 b6 23. Nb3 Qd6 24. Qc4+ Be6 25. Qb5 Bd7 26. Qc4+ Kh7 27. Nbd2
b5 28. Qc1 c5 29. Rbb1 Ra4 30. Qb2 c4 31. Qc2 c3 32. Nb3 Bc6 33. Qd1 Rfa8 34.
Ne1 Rxa3 35. Nc2 Rxa1 36. Ncxa1 Qd5 37. f3 Ra3 38. Qc1 b4 0-1

[Event "C.to Europeo U14 femminile"]
[Site "Batumi GEO"]
[Date "2010.09.22"]
[Round "3"]
[White "Gueci, Laura"]
[Black "Stoeri, Laura"]
[Result "0-1"]
[WhiteElo "1749"]
[BlackElo "1938"]
[PlyCount "88"]
[EventDate "2010.09.20"]

1. e4 e5 2. Nf3 Nc6 3. d4 exd4 4. Nxd4 Nf6 5. Nxc6 bxc6 6. e5 Qe7 7. Qe2 Nd5 8.
c4 Ba6 9. b3 O-O-O 10. g3 g5 11. Bb2 Bg7 12. Nd2 Nb4 13. Nf3 c5 14. Bg2 g4 15.
Nh4 Bxe5 16. Bxe5 Qxe5 17. Qxe5 Nd3+ 18. Kd2 Nxe5 19. Rhe1 d6 20. f4 Ng6 21.
Nf5 h5 22. Kc3 Bb7 23. Ne7+ Nxe7 24. Bxb7+ Kd7 25. Bg2 Rde8 26. Rad1 Nf5 27.
Be4 Nd4 28. b4 Ne6 29. Bf5 cxb4+ 30. Kxb4 Rb8+ 31. Kc3 Rb6 32. Rd2 Ke7 33. Rde2
Rh6 34. Rd2 Ra6 35. Kb2 Kf6 36. Bc2 Rh8 37. a4 Rb8+ 38. Ka3 Rab6 39. Rd5 Rh8
40. Rb1 Rxb1 41. Bxb1 h4 42. Rd3 hxg3 43. hxg3 Ng7 44. Kb4 Rb8+ 0-1

[Event "C.to Europeo U14 femminile"]
[Site "Batumi GEO"]
[Date "2010.09.23"]
[Round "5"]
[White "Khomeriki, Ketevan"]
[Black "Gueci, Laura"]
[Result "1/2-1/2"]
[WhiteElo "1520"]
[BlackElo "1749"]
[PlyCount "77"]
[EventDate "2010.09.20"]

1. e4 c5 2. d3 a6 3. f4 Nf6 4. Nf3 b5 5. g3 Bb7 6. Bg2 e6 7. O-O Be7 8. h3 Nc6
9. c3 d5 10. e5 Nd7 11. Be3 Qc7 12. Bf2 O-O-O 13. Nbd2 f6 14. d4 fxe5 15. Nxe5
Ndxe5 16. fxe5 c4 17. b3 Kd7 18. Qg4 Na7 19. bxc4 bxc4 20. Be3 g6 21. Bh6 Rde8
22. h4 Qc6 23. Rf7 Nb5 24. Raf1 Kd8 25. Bg7 Rhg8 26. Bf6 Nxc3 27. Rc1 Nxa2 28.
Rxc4 Qb6 29. Rc2 Nb4 30. Rc3 h5 31. Qf4 Nc6 32. Rb3 Qc7 33. Bh3 Bc8 34. Nf3 Qa5
35. Rb1 Qa2 36. Rc1 Qa4 37. Kh1 Bd7 38. Rc3 Qb4 39. Rc1 1/2-1/2

[Event "C.to Europeo U14 femminile"]
[Site "Batumi GEO"]
[Date "2010.09.27"]
[Round "8"]
[White "Gueci, Laura"]
[Black "Kokhreidze, Tatia"]
[Result "1-0"]
[WhiteElo "1749"]
[BlackElo "1569"]
[PlyCount "71"]
[EventDate "2010.09.20"]

1. e4 c6 2. d4 d5 3. exd5 cxd5 4. Bd3 Nc6 5. c3 Nf6 6. Bf4 Bg4 7. Qb3 Qd7 8.
Nd2 e6 9. Ngf3 Bxf3 10. Nxf3 Bd6 11. Bg3 Bxg3 12. hxg3 Qc7 13. Kf1 a6 14. a4
Na5 15. Qa2 h6 16. Re1 Nc4 17. b3 Nd6 18. Ne5 b5 19. Rh4 Rc8 20. Rc1 g5 21. Rh3
Ke7 22. g4 h5 23. gxh5 Nxh5 24. g3 Nf6 25. Rxh8 Rxh8 26. Kg2 Rc8 27. f3 Rh8 28.
Qe2 Qb6 29. Qe3 Rg8 30. axb5 axb5 31. Qd2 Qa6 32. c4 bxc4 33. bxc4 dxc4 34.
Nxc4 Nxc4 35. Rxc4 Qd6 36. Qa5 1-0

[Event "C.to Europeo U14 femminile"]
[Site "Batumi GEO"]
[Date "2010.09.28"]
[Round "9"]
[White "Dragieva, Denitza"]
[Black "Gueci, Laura"]
[Result "1-0"]
[WhiteElo "1803"]
[BlackElo "1749"]
[PlyCount "51"]
[EventDate "2010.09.20"]

1. d4 d5 2. Nf3 Nf6 3. Bf4 c5 4. e3 Nc6 5. c3 Qb6 6. Qc1 Bf5 7. Nbd2 e6 8. Be2
Be7 9. O-O O-O 10. h3 h6 11. dxc5 Bxc5 12. c4 Rac8 13. Nb3 Be7 14. c5 Qb4 15.
Rd1 Ne4 16. Nfd4 Nxc5 17. Nxf5 Nxb3 18. Nxh6+ gxh6 19. axb3 Bg5 20. Bxg5 hxg5
21. e4 Qe7 22. exd5 Nb4 23. d6 Rxc1 24. dxe7 Rxd1+ 25. Rxd1 Re8 26. Rd8 1-0

[Event "C.to Europeo U16"]
[Site "Batumi GEO"]
[Date "2010.09.22"]
[Round "3"]
[White "Davi, Alessandro"]
[Black "Mokshanov, Alexey"]
[Result "0-1"]
[WhiteElo "2078"]
[BlackElo "2271"]
[PlyCount "108"]
[EventDate "2010.09.20"]

1. d4 d5 2. c4 e6 3. Nc3 Nf6 4. cxd5 exd5 5. Bg5 Be7 6. e3 c6 7. Bd3 O-O 8. Qc2
Nbd7 9. Nge2 Re8 10. O-O Nf8 11. f3 Ng6 12. Rad1 Be6 13. Kh1 Qd7 14. Ng3 Nh5
15. Nxh5 Bxg5 16. Rde1 Bh4 17. g3 Bd8 18. Nf4 Bc7 19. Nxe6 Qxe6 20. f4 Nf8 21.
e4 dxe4 22. Nxe4 Qd7 23. Ng5 h6 24. Nf3 Ne6 25. Ne5 Qxd4 26. Bh7+ Kf8 27. Rd1
Bxe5 28. Rxd4 Bxd4 29. Bf5 Bf6 30. Rd1 Kg8 31. Bxe6 Rxe6 32. b3 Rae8 33. Rd2 b6
34. b4 a6 35. Kg2 Be7 36. f5 Re5 37. Qxc6 Bxb4 38. Rd7 Bc5 39. Rd2 a5 40. a4
Kh7 41. h4 Re1 42. Qd5 R8e3 43. Rc2 f6 44. Kh3 Rf1 45. Kg2 Re5 46. Qd3 Rg1+ 47.
Kh2 Re3 48. Qd5 Rgxg3 49. Rd2 Rh3+ 50. Kg2 Reg3+ 51. Kf1 Rg1+ 52. Ke2 Re3+ 53.
Kf2 Rd3+ 54. Qxc5 Rxd2+ 0-1

[Event "C.to Europeo U16"]
[Site "Batumi GEO"]
[Date "2010.09.23"]
[Round "5"]
[White "Davi, Alessandro"]
[Black "Petrosyan, Tigran S."]
[Result "1/2-1/2"]
[WhiteElo "2078"]
[BlackElo "2197"]
[PlyCount "38"]
[EventDate "2010.09.20"]

1. d4 d5 2. c4 e6 3. Nc3 Nf6 4. cxd5 exd5 5. Bg5 c6 6. e3 Nbd7 7. Bd3 Be7 8.
Qc2 O-O 9. Nge2 Re8 10. O-O Nf8 11. f3 Be6 12. Rae1 Rc8 13. e4 c5 14. dxc5 Rxc5
15. Nd4 a6 16. Bf4 N8d7 17. Be3 Rc8 18. Qe2 Nb6 19. Rd1 Qd6 1/2-1/2

[Event "C.to Europeo U16"]
[Site "Batumi GEO"]
[Date "2010.09.24"]
[Round "6"]
[White "Volkov, Nika"]
[Black "Davi, Alessandro"]
[Result "1-0"]
[WhiteElo "2159"]
[BlackElo "2078"]
[PlyCount "89"]
[EventDate "2010.09.20"]

1. d4 d5 2. c4 c6 3. Nc3 Nf6 4. Nf3 e6 5. Qc2 Nbd7 6. e3 Bd6 7. Bd3 dxc4 8.
Bxc4 Qe7 9. a4 O-O 10. O-O e5 11. dxe5 Nxe5 12. Nxe5 Bxe5 13. f4 Bc7 14. h3 b6
15. b3 Bb7 16. e4 b5 17. Bd3 Bb6+ 18. Kh2 b4 19. Ne2 Ng4+ 20. Kg3 Nf6 21. e5
Nh5+ 22. Kh2 g6 23. Bb2 a5 24. Rae1 Rad8 25. g4 Ng7 26. Ng3 Ne6 27. Ne4 Qh4 28.
Qe2 Nxf4 29. Rxf4 Rxd3 30. Qxd3 Qxe1 31. Rf1 Qh4 32. Nf6+ Kg7 33. e6 Bc7+ 34.
Kg1 Bb6+ 35. Kg2 c5+ 36. Nd5+ Kg8 37. Bf6 c4 38. Qe4 Bxd5 39. Qxd5 Qh6 40. Be7
f5 41. Bxf8 Qe3 42. e7+ Kh8 43. Qf3 Qd2+ 44. Kh1 Bc7 45. Qg2 1-0

[Event "C.to Europeo U16 femminile"]
[Site "Batumi GEO"]
[Date "2010.09.21"]
[Round "2"]
[White "Russo, Arianna"]
[Black "Parjiani, Tekla"]
[Result "0-1"]
[WhiteElo "1607"]
[BlackElo "1893"]
[PlyCount "50"]
[EventDate "2010.09.20"]

1. d4 Nf6 2. c4 e6 3. Nc3 Bb4 4. Bg5 c5 5. Bxf6 Qxf6 6. e3 O-O 7. Nf3 Nc6 8.
Be2 Rd8 9. O-O cxd4 10. exd4 Bxc3 11. bxc3 d5 12. cxd5 Rxd5 13. Qc2 Rd8 14.
Rfd1 b6 15. Bd3 h6 16. Be4 Bb7 17. Rac1 Rdc8 18. Qe2 Qf4 19. Re1 Rc7 20. Qe3
Qxe3 21. fxe3 Rac8 22. Re2 Ba6 23. Rd2 Ne7 24. Rdc2 f5 25. Bxf5 Nxf5 0-1

[Event "C.to Europeo U16 femminile"]
[Site "Batumi GEO"]
[Date "2010.09.23"]
[Round "4"]
[White "Ivekovic, Tihana"]
[Black "Russo, Arianna"]
[Result "1-0"]
[WhiteElo "1874"]
[BlackElo "1607"]
[PlyCount "91"]
[EventDate "2010.09.20"]

1. e4 c5 2. Nf3 d6 3. d4 cxd4 4. Nxd4 Nf6 5. Nc3 g6 6. Be3 Bg7 7. f3 O-O 8. Qd2
Nc6 9. O-O-O Bd7 10. g4 Qa5 11. Kb1 Rfe8 12. h4 h5 13. g5 Nh7 14. Nb3 Bxc3 15.
Qxc3 Qxc3 16. bxc3 Ne5 17. Be2 a6 18. Bd4 Nc6 19. Bf2 Rac8 20. Bg3 Red8 21. f4
Nf8 22. Rhf1 Na7 23. Kb2 Nb5 24. Be1 Ne6 25. f5 Nc5 26. Nxc5 Rxc5 27. c4 Nc7
28. Bf2 Rc6 29. Bg1 b5 30. cxb5 Nxb5 31. c4 Nc7 32. a3 e6 33. fxg6 fxg6 34. Rf6
Be8 35. Ka2 Rd7 36. Rb1 Kg7 37. Bd4 Kg8 38. Rb2 Re7 39. Bd3 e5 40. Be3 Bf7 41.
Rb6 Rxb6 42. Bxb6 Ne8 43. Rf2 Rb7 44. Rb2 Kf8 45. a4 Ke7 46. Bd8+ 1-0

[Event "C.to Europeo U16 femminile"]
[Site "Batumi GEO"]
[Date "2010.09.24"]
[Round "6"]
[White "Yashchenko, Olena"]
[Black "Russo, Arianna"]
[Result "1/2-1/2"]
[WhiteElo "1762"]
[BlackElo "1607"]
[PlyCount "88"]
[EventDate "2010.09.20"]

1. d4 Nf6 2. c4 g6 3. Nc3 Bg7 4. Nf3 O-O 5. Bf4 d6 6. e3 Nbd7 7. h3 Re8 8. Be2
Nh5 9. Bh2 c5 10. O-O Nhf6 11. a3 a5 12. Rb1 b6 13. b4 axb4 14. axb4 Ra7 15.
Qb3 Ba6 16. Ra1 Qc7 17. Ra2 Raa8 18. Rfa1 Bb7 19. bxc5 bxc5 20. Ra7 Rxa7 21.
Rxa7 Rb8 22. Nb5 Qb6 23. Qa3 cxd4 24. exd4 Qc6 25. c5 Ne4 26. cxd6 exd6 27.
Nxd6 Bf8 28. Bb5 Qc2 29. Qa1 Qxf2+ 30. Kh1 Bxd6 31. Bxd7 Bxh2 32. Kxh2 Qg3+ 33.
Kg1 Nd2 34. Ne1 Bxg2 35. Nxg2 Nf3+ 36. Kf1 Nd2+ 37. Kg1 Nf3+ 38. Kf1 Nh2+ 39.
Ke2 Qxg2+ 40. Kd3 Rb3+ 41. Kc4 Qc2+ 42. Kd5 Qg2+ 43. Kc4 Qc2+ 44. Kd5 Qg2+
1/2-1/2

[Event "C.to Europeo U16 femminile"]
[Site "Batumi GEO"]
[Date "2010.09.26"]
[Round "7"]
[White "Russo, Arianna"]
[Black "Chakvetadze, Dodo"]
[Result "0-1"]
[WhiteElo "1607"]
[BlackElo "1792"]
[PlyCount "72"]
[EventDate "2010.09.20"]

1. d4 Nf6 2. c4 c5 3. d5 b5 4. cxb5 a6 5. Nc3 axb5 6. Nxb5 Qa5+ 7. Nc3 d6 8. e3
Ba6 9. Bxa6 Nxa6 10. Nge2 g6 11. O-O Bg7 12. a3 O-O 13. Bd2 c4 14. Na4 Qb5 15.
Nec3 Qb7 16. Rb1 Rfb8 17. e4 Nd7 18. Be3 Nac5 19. Nxc5 Nxc5 20. Bd4 Bf8 21. Qe2
Nb3 22. Rfd1 Qa6 23. Na2 Nxd4 24. Rxd4 Bg7 25. Nb4 Rxb4 26. axb4 Bxd4 27. h3
Qa2 28. Rd1 Bxb2 29. Rd2 c3 30. Rc2 Qb1+ 31. Kh2 Rb8 32. b5 Rxb5 33. Qxb5 Qxc2
34. Qe8+ Kg7 35. Qxe7 Qxf2 36. e5 c2 0-1

[Event "C.to Europeo U18"]
[Site "Batumi GEO"]
[Date "2010.09.21"]
[Round "2"]
[White "Huseyn, Orkhan Samir Oglu"]
[Black "Valsecchi, Alessio"]
[Result "1-0"]
[WhiteElo "2115"]
[BlackElo "2331"]
[PlyCount "123"]
[EventDate "2010.09.20"]

1. e4 c5 2. Nf3 Nc6 3. d4 cxd4 4. Nxd4 g6 5. Nc3 Bg7 6. Be3 Nf6 7. Bc4 O-O 8.
Bb3 d6 9. h3 Bd7 10. Qd2 Rc8 11. O-O Na5 12. Qd3 a6 13. a4 e5 14. Nf3 Nxb3 15.
cxb3 Be6 16. Ra3 d5 17. exd5 Nxd5 18. Nxd5 Bxd5 19. Qe2 e4 20. Nd4 f5 21. Rd1
f4 22. Ne6 Bxe6 23. Rxd8 Rcxd8 24. Bb6 Rd5 25. Qxe4 Re5 26. Qb4 f3 27. g4 h5
28. Ra1 hxg4 29. Bc7 Re2 30. hxg4 Rxb2 31. Re1 Bxb3 32. Be5 Bxe5 33. Rxe5 Rb1+
34. Kh2 Ba2 35. Qe4 Rb6 36. Re7 Bf7 37. Rxb7 Rd6 38. Qe5 Re6 39. Qc3 Re4 40.
Rb4 Rfe8 41. a5 Re2 42. Qxf3 Rd2 43. Rf4 Bd5 44. Qc3 Rd1 45. Rf6 Kh7 46. Qc7+
Kh6 47. Rxg6+ Kxg6 48. Qc2+ Be4 49. Qxd1 Re6 50. Kg3 Rc6 51. Qd4 Re6 52. f4 Bb1
53. f5+ Bxf5 54. gxf5+ Kxf5 55. Qf4+ Kg6 56. Kg4 Kg7 57. Qf5 Rg6+ 58. Kh5 Rf6
59. Qd7+ Rf7 60. Qd4+ Kh7 61. Qe4+ Kg7 62. Qg6+ 1-0

[Event "C.to Europeo U18"]
[Site "Batumi GEO"]
[Date "2010.09.22"]
[Round "3"]
[White "Valsecchi, Alessio"]
[Black "Bakunts, Rafael"]
[Result "0-1"]
[WhiteElo "2331"]
[BlackElo "2086"]
[PlyCount "70"]
[EventDate "2010.09.20"]

1. e4 c5 2. Nf3 d6 3. d4 cxd4 4. Nxd4 Nf6 5. Nc3 a6 6. Bc4 e6 7. Bb3 Be7 8. O-O
O-O 9. Qf3 Qc7 10. Qg3 Nc6 11. Nxc6 bxc6 12. e5 dxe5 13. Re1 Kh8 14. Bg5 c5 15.
Qh4 Bb7 16. Re3 Ng8 17. Rae1 Rad8 18. Bxe7 Nxe7 19. Qg4 Rd4 20. Qh5 Ng6 21. Rh3
h6 22. Rg3 c4 23. Ba4 Qb6 24. Qe2 Rfd8 25. h4 Rxh4 26. Nd1 Qa5 27. Nc3 Rhd4 28.
Qh5 Qb6 29. Rxg6 fxg6 30. Qxg6 Rf4 31. Re3 Rdf8 32. Kh2 R4f6 33. Qg4 Qd4 34.
Qh5 Rxf2 35. Rg3 Qf4 0-1

[Event "C.to Europeo U18"]
[Site "Batumi GEO"]
[Date "2010.09.23"]
[Round "4"]
[White "Jurevicius, Tomas"]
[Black "Valsecchi, Alessio"]
[Result "1-0"]
[WhiteElo "2001"]
[BlackElo "2331"]
[PlyCount "91"]
[EventDate "2010.09.20"]

1. e4 c5 2. Nf3 Nc6 3. d3 g6 4. g3 Bg7 5. Bg2 d6 6. O-O e5 7. c3 Nge7 8. Be3
O-O 9. Nh4 Be6 10. Nd2 Qd7 11. f4 Rad8 12. Ndf3 f6 13. Qd2 b6 14. d4 exd4 15.
cxd4 Na5 16. d5 Bf7 17. Qc2 b5 18. Nd2 Rde8 19. Rae1 f5 20. Bh3 Nxd5 21. exd5
Rxe3 22. Rxe3 Bd4 23. Rfe1 Re8 24. Kf2 Bxd5 25. Bg2 Bf7 26. b3 c4 27. bxc4 Qc7
28. Nhf3 Bc5 29. Qc3 Qb6 30. cxb5 Bxa2 31. Bf1 d5 32. Qd3 Kg7 33. Ne5 Bc4 34.
Ndxc4 Nxc4 35. Nxc4 dxc4 36. Qd2 Qxb5 37. Qc3+ Kh6 38. Bxc4 Qc6 39. Qd3 Bxe3+
40. Rxe3 Qh1 41. h4 Rxe3 42. Qxe3 Qb1 43. Be2 a5 44. Qc5 Qb8 45. Qxa5 Qc8 46.
Qb4 1-0